000 00931nam a2200253 a 4500
001 000045347
003 DO-SdBNP
005 20260321073643.0
008 150304s 2015 dr a 000 0bspa d
020 _a9789945082425
040 _aDO-SdBNP
_bspa
_cBNPHU
082 _aBNPHU 923.27293
_bB742M
100 1 _aMorrison, Mateo,
_d1947-
_91469
245 1 4 _aLos nacimientos múltiples de Juan Bosch /
_cMateo Morrison; presentación Cristina Lizardo Mézquita.
260 _aSanto Domingo :
_bBúho,
_c2015
_g2015 (2a. reimp.)
300 _a183 p. :
_bil. ;
_c23 cm.
500 _aIncluye datos biografícos del autor en la solapa de la cubierta
500 _aLa biblioteca posee 1 ejemplar de la 2a. reimpresión del 2015
600 1 0 _a Bosch, Juan,
_d1909-2001
_976555
650 1 0 _aLiteratura dominicana.
_967
700 1 2 _aLizardo Mézquita, Cristina
_935055
910 _aValidado. Control de calidad MFF
942 _2ddc
_cLBS1
999 _c44836
_d44836